Allí, donde el aire cambia el color de las cosas: ensayos sobre narrativa latinoamericana del siglo XX
Đã lưu trong:
| Tác giả chính: | |
|---|---|
| Định dạng: | Sách |
| Ngôn ngữ: | Tiếng Tây Ban Nha |
| Được phát hành: |
Bogotá
Escala
1999
|
| Những chủ đề: | |
| Các nhãn: |
Thêm thẻ
Không có thẻ, Là người đầu tiên thẻ bản ghi này!
|
MARC
| LEADER | 00000nam a2200000 a 4500 | ||
|---|---|---|---|
| 001 | UCO9516 | ||
| 003 | CL-VaPUC | ||
| 008 | 010302e19990000CK |||||||||||||||||spa|d | ||
| 082 | 0 | 4 | |a 864 |b FAJ |2 21 |
| 100 | 0 | |a Fajardo Valenzuela, Diógenes |e author |9 454746 | |
| 245 | 1 | 0 | |a Allí, donde el aire cambia el color de las cosas: ensayos sobre narrativa latinoamericana del siglo XX |
| 300 | |a 260 p | ||
| 942 | |c BK | ||
| 945 | |d 20010302 00:00:00 |a cmena | ||
| 260 | |a Bogotá |b Escala |c 1999 | ||
| 650 | 7 | |a ENSAYOS LATINOAMERICANOS |2 CL-VaPUC |9 454747 | |
| 650 | 0 | |a Literatura latinoamericana |9 309997 | |
| 650 | 0 | |a Crítica literaria |9 269189 | |
| 583 | |a last modification |c 20010302 00:00:00 |k Rodrigo Vera | ||
| 999 | |c 293719 |d 293717 | ||
| 952 | |0 0 |1 0 |4 0 |6 864_000000000000000_FAJ_1999 |7 0 |8 A |9 345420 |a BIBEDU |b BIBEDU |d 2019-11-20 |i 3673170 |o 864 FAJ 1999 |p 3673170 |r 2019-11-20 |w 2019-11-20 |y BK |k LIT | ||